ARRUPE JESUIT UNIVERSITY

CORONAVIRUS -STOP THE SPREAD - CLEAN,DISINFECT,COVER

The high road : (Record no. 129988)

MARC details
000 -LEADER
fixed length control field 01041cam a2200313 a 4500
001 - CONTROL NUMBER
control field 4497744
003 - CONTROL NUMBER IDENTIFIER
control field ARRUPE
005 - DATE AND TIME OF LATEST TRANSACTION
control field 20191112114802.0
008 - FIXED-LENGTH DATA ELEMENTS--GENERAL INFORMATION
fixed length control field 970613s1996 sa ab 000 0 eng
010 ## - LIBRARY OF CONGRESS CONTROL NUMBER
LC control number 97161573
020 ## - INTERNATIONAL STANDARD BOOK NUMBER
International Standard Book Number 0624035271
035 ## - SYSTEM CONTROL NUMBER
System control number (CU)GLAD84406835
035 ## - SYSTEM CONTROL NUMBER
System control number (CStRLIN)CUBGGLAD84406835-B
040 ## - CATALOGING SOURCE
Original cataloging agency DLC
Transcribing agency DLC
Modifying agency DLC
043 ## - GEOGRAPHIC AREA CODE
Geographic area code f-sa---
050 00 - LIBRARY OF CONGRESS CALL NUMBER
Classification number HN25
Item number .S85 1996
082 00 - DEWEY DECIMAL CLASSIFICATION NUMBER
Classification number 303.4968
Edition number 21
300 ## - PHYSICAL DESCRIPTION
Other physical details col. ill., col. maps ;
Dimensions 22 cm.
100 1# - MAIN ENTRY--PERSONAL NAME
Personal name Sunter, Clem,
Dates associated with a name 1944-
9 (RLIN) 48562
245 14 - TITLE STATEMENT
Title The high road :
Remainder of title where are we now? /
Statement of responsibility, etc Clem Sunter.
260 ## - PUBLICATION, DISTRIBUTION, ETC. (IMPRINT)
Place of publication, distribution, etc Cape Town :
Name of publisher, distributor, etc Tafelberg :
-- Human & Rousseau,
Date of publication, distribution, etc 1996.
300 ## - PHYSICAL DESCRIPTION
Extent 111 p. :
650 #0 - SUBJECT ADDED ENTRY--TOPICAL TERM
Topical term or geographic name as entry element Social indicators.
9 (RLIN) 48563
650 #0 - SUBJECT ADDED ENTRY--TOPICAL TERM
Topical term or geographic name as entry element Social indicators
Geographic subdivision South Africa.
9 (RLIN) 48564
650 #0 - SUBJECT ADDED ENTRY--TOPICAL TERM
Topical term or geographic name as entry element Economic forecasting.
9 (RLIN) 43824
650 #0 - SUBJECT ADDED ENTRY--TOPICAL TERM
Topical term or geographic name as entry element Economic forecasting
Geographic subdivision South Africa.
9 (RLIN) 48565
906 ## - LOCAL DATA ELEMENT F, LDF (RLIN)
a 7
b cbc
c orignew
d 3
e ncip
f 19
g y-gencatlg
942 ## - ADDED ENTRY ELEMENTS (KOHA)
Source of classification or shelving scheme Library of Congress Classification
Koha item type Monograph ( Printed materials)
Holdings
Withdrawn status Lost status Source of classification or shelving scheme Damaged status Not for loan Collection code Home library Current library Shelving location Date acquired Total Checkouts Full call number Barcode Date last seen Price effective from Koha item type
    Library of Congress Classification     Main Collection ARRUPE LIBRARY ARRUPE LIBRARY Main Collection 12/11/2019   HN25 .S85 1996 46600005709 12/11/2019 12/11/2019 Monograph ( Printed materials)

 

Arrupe Library. PO Box MP320 Mt Pleasant, Harare, Zimbabwe
263 242 745411|librarian@aju.ac.zw